[Event "2016 Alberta Reserves"]
[Site "Edmonton"]
[Date "2016.03.26"]
[Round "1.6"]
[White "Briones, Dante"]
[Black "Hughey, Leah"]
[Result "1-0"]
[WhiteElo "1999"]
[BlackElo "1703"]
[PlyCount "79"]
[EventDate "2016.03.26"]
[EventType "swiss"]
[EventRounds "5"]
[EventCountry "CAN"]

1. e4 e6 2. d4 d5 3. Nc3 Bb4 4. e5 c5 5. a3 cxd4 6. axb4 dxc3 7. bxc3 Ne7 8.
Bd3 Nbc6 9. Nf3 Qc7 10. Qe2 Nxb4 11. cxb4 Qc3+ 12. Nd2 Qxa1 13. O-O Ng6 14.
Bb5+ Ke7 15. Nf3 Qc3 16. Bd2 Qc7 17. h4 f6 18. exf6+ gxf6 19. Re1 Nf4 20. Qe3
Ng6 21. Qh6 Kf7 22. h5 Nf8 23. Bg5 fxg5 24. Nxg5+ Kg8 25. Be8 b6 26. Bf7+ Qxf7
27. Nxf7 Kxf7 28. Re3 Rg8 29. Rf3+ Ke8 30. Qf6 Rg4 31. Qxf8+ Kd7 32. Rf7+ Kc6
33. Qe8+ Kd6 34. Qe7+ Kc6 35. Rf8 Rd4 36. Rxc8+ Rxc8 37. b5+ Kxb5 38. Qxa7 Rxc2
39. Qxh7 Rh4 40. Qxc2 1-0

[Event "2016 Alberta Reserves"]
[Site "Edmonton"]
[Date "2016.03.26"]
[Round "1.10"]
[White "Wang, Kaixin"]
[Black "Moreau, Stephen"]
[Result "0-1"]
[WhiteElo "1878"]
[BlackElo "1467"]
[PlyCount "44"]
[EventDate "2016.03.26"]
[EventType "swiss"]
[EventRounds "5"]
[EventCountry "CAN"]

1. e4 e5 2. f4 exf4 3. Nf3 Be7 4. Bc4 Bh4+ 5. Kf1 Nh6 6. h3 Nc6 7. d4 Na5 8.
Bd3 d5 9. exd5 Nf5 10. Bxf5 Bxf5 11. b4 Nc4 12. Qe2+ Ne3+ 13. Bxe3 fxe3 14.
Qxe3+ Be7 15. c4 O-O 16. g4 Bg6 17. b5 Re8 18. Qd2 Be4 19. Kg2 Bg5 20. Qc3 Qf6
21. Rf1 Qf4 22. Re1 Bxf3+ 0-1

[Event "2016 Alberta Reserves"]
[Site "Edmonton"]
[Date "2016.03.26"]
[Round "2.1"]
[White "Gardner, Robert"]
[Black "Schocat, Eric"]
[Result "1-0"]
[WhiteElo "2251"]
[BlackElo "1894"]
[PlyCount "62"]
[EventDate "2016.03.26"]
[EventType "swiss"]
[EventRounds "5"]
[EventCountry "CAN"]

1. d4 g6 2. e4 Bg7 3. c4 c5 4. d5 d6 5. Bd3 Nd7 6. f4 h5 7. Nf3 Nh6 8. Qe2 a5
9. e5 O-O 10. e6 Nf6 11. exf7+ Rxf7 12. Bxg6 Rf8 13. Ng5 Bg4 14. Qc2 Qd7 15.
Nc3 e6 16. Nxe6 Bxe6 17. dxe6 Qxe6+ 18. Qe2 Qd7 19. O-O Rae8 20. Bxe8 Rxe8 21.
Qd3 Nfg4 22. Nb5 Nf5 23. h3 Nf6 24. Bd2 Ne4 25. Rae1 Nfg3 26. Rf3 h4 27. Rfe3
Qc6 28. Bc3 Bh6 29. Na7 Qd7 30. Rxe4 Nxe4 31. Rxe4 Rf8 1-0

[Event "2016 Alberta Reserves"]
[Site "Edmonton"]
[Date "2016.03.26"]
[Round "2.2"]
[White "Usselman, Paul"]
[Black "Zeggelaar, Mike"]
[Result "1/2-1/2"]
[WhiteElo "1880"]
[BlackElo "2084"]
[PlyCount "74"]
[EventDate "2016.03.26"]
[EventType "swiss"]
[EventRounds "5"]
[EventCountry "CAN"]

1. Nf3 Nf6 2. c4 g6 3. Nc3 Bg7 4. e4 d6 5. d4 O-O 6. h3 c5 7. d5 Na6 8. Bd3 Nc7
9. Be3 Rb8 10. Nd2 e6 11. Qc2 exd5 12. exd5 Nd7 13. O-O Ne5 14. Be2 Bf5 15.
Nde4 Re8 16. g4 Bxe4 17. Qxe4 Nc6 18. Qd3 Nd4 19. Rfe1 Qh4 20. Kg2 b5 21. cxb5
Ncxb5 22. Nxb5 Nxb5 23. Bf4 Nd4 24. Bxd6 Rxb2 25. Bg3 Nxe2 26. Rxe2 Rexe2 27.
Bxh4 Rbd2 28. Qb1 Bb2 29. a4 c4 30. Ra2 c3 31. Rxb2 cxb2 32. Kf3 Rc2 33. Qd1
Rc1 34. Qxe2 b1=Q 35. Qe8+ Kg7 36. Qe5+ Kg8 37. Qe8+ Kg7 1/2-1/2

[Event "2016 Alberta Reserves"]
[Site "Edmonton"]
[Date "2016.03.26"]
[Round "2.3"]
[White "Nechio, Douglas"]
[Black "Dave, Bhavik"]
[Result "1/2-1/2"]
[WhiteElo "1965"]
[BlackElo "1859"]
[PlyCount "62"]
[EventDate "2016.03.26"]
[EventType "swiss"]
[EventRounds "5"]
[EventCountry "CAN"]

1. e4 e5 2. Nf3 Nc6 3. d4 exd4 4. Nxd4 Bc5 5. Nb3 Bb6 6. Nc3 d6 7. Qe2 Nge7 8.
Be3 Be6 9. O-O-O f5 10. Bxb6 axb6 11. exf5 Bxf5 12. g4 Bd7 13. f4 O-O 14. f5
Na5 15. Nd4 Nec6 16. Nf3 Re8 17. Qd2 Ne5 18. Nxe5 Rxe5 19. Bd3 Qh4 20. Rhg1 b5
21. Qf4 Rae8 22. Ne4 Nc4 23. Ng5 Qh6 24. Bxc4+ bxc4 25. Qxc4+ d5 26. Qf4 c6 27.
Rg2 Re4 28. Qd2 Re3 29. Ne6 Bxe6 30. fxe6 R3xe6 31. g5 Qh5 1/2-1/2

[Event "2016 Alberta Reserves"]
[Site "Edmonton"]
[Date "2016.03.26"]
[Round "2.4"]
[White "Moreau, Stephen"]
[Black "Rekhson, Vladislav"]
[Result "0-1"]
[WhiteElo "1467"]
[BlackElo "2218"]
[PlyCount "48"]
[EventDate "2016.03.26"]
[EventType "swiss"]
[EventRounds "5"]
[EventCountry "CAN"]

1. e4 c5 2. Nf3 a6 3. c3 d5 4. exd5 Qxd5 5. d4 Nf6 6. c4 Qe4+ 7. Be2 cxd4 8.
Qxd4 Qxd4 9. Nxd4 e5 10. Nf3 Nc6 11. a3 e4 12. Nfd2 Nd4 13. Bd1 Bg4 14. Nb3
O-O-O 15. Bxg4+ Nxg4 16. Nxd4 Rxd4 17. b3 Bc5 18. O-O Rd3 19. b4 Bd4 20. Ra2
Rd8 21. Rd2 Rxd2 22. Bxd2 Nxf2 23. Rxf2 e3 24. Bxe3 Bxe3 0-1

[Event "2016 Alberta Reserves"]
[Site "Edmonton"]
[Date "2016.03.26"]
[Round "2.8"]
[White "Hughey, Leah"]
[Black "Wang, Kaixin"]
[Result "0-1"]
[WhiteElo "1703"]
[BlackElo "1878"]
[PlyCount "124"]
[EventDate "2016.03.26"]
[EventType "swiss"]
[EventRounds "5"]
[EventCountry "CAN"]

1. c4 Nf6 2. g3 c5 3. Bg2 Nc6 4. Nc3 g6 5. Nf3 Bg7 6. d4 cxd4 7. Nxd4 O-O 8.
O-O Ne8 9. Nxc6 bxc6 10. Bxc6 Rb8 11. Qd3 Nd6 12. Bd5 Qa5 13. Rd1 Ba6 14. Bg5
Bxc4 15. Bxc4 Qxg5 16. Bb3 Rfd8 17. Qf3 Qf6 18. Qd5 Qe5 19. Qxe5 Bxe5 20. Rd5
Bg7 21. Rad1 Rb7 22. R1d3 Nc8 23. Rf3 e6 24. Rdd3 d5 25. e3 Nb6 26. Rd2 Rc7 27.
Nb5 Rc5 28. Nd4 e5 29. Ne2 Bh6 30. Rc2 Rxc2 31. Bxc2 f5 32. g4 fxg4 33. Rf6 Bg7
34. Rc6 d4 35. exd4 exd4 36. Nf4 Rc8 37. Bb3+ Kh8 38. Rxc8+ Nxc8 39. Ne6 Be5
40. Kg2 Ne7 41. Ng5 Kg7 42. Ne4 Nf5 43. Bd1 h5 44. Ng3 a5 45. Nxf5+ gxf5 46.
Bc2 Kf6 47. h3 Kg5 48. hxg4 fxg4 49. b3 Kf4 50. Bg6 h4 51. Bc2 Bd6 52. Bd1 Bb4
53. Be2 g3 54. fxg3+ hxg3 55. Bh5 Bd6 56. Bd1 Ke3 57. Bh5 d3 58. Kf1 Kd2 59.
Bf3 Kc1 60. a3 Bxa3 61. Kg2 Bd6 62. Bh5 d2 0-1

[Event "2016 Alberta Reserves"]
[Site "Edmonton"]
[Date "2016.03.26"]
[Round "3.1"]
[White "Zeggelaar, Mike"]
[Black "Gardner, Robert"]
[Result "0-1"]
[WhiteElo "2084"]
[BlackElo "2251"]
[PlyCount "66"]
[EventDate "2016.03.26"]
[EventType "swiss"]
[EventRounds "5"]
[EventCountry "CAN"]

1. e4 d6 2. d4 Nf6 3. Nc3 g6 4. f4 Bg7 5. Nf3 c5 6. Bb5+ Bd7 7. Bxd7+ Nfxd7 8.
d5 b5 9. O-O Qb6 10. Qe2 b4 11. Nd1 O-O 12. Ne3 a5 13. a3 Na6 14. Nc4 Qc7 15.
a4 Nab8 16. Rb1 Nb6 17. b3 Nxc4 18. Qxc4 Nd7 19. Qe2 c4 20. Be3 Rfc8 21. Bd4
cxb3 22. cxb3 Qc2 23. Qxc2 Rxc2 24. Bxg7 Kxg7 25. Nd4 Rc3 26. Rfc1 Nc5 27. e5
Nd3 28. Rxc3 bxc3 29. exd6 exd6 30. g3 Rc8 31. Rd1 Nb4 32. Nc6 Nxd5 33. Rxd5 c2
0-1

[Event "2016 Alberta Reserves"]
[Site "Edmonton"]
[Date "2016.03.26"]
[Round "3.2"]
[White "Dave, Bhavik"]
[Black "Villavieja, Butch"]
[Result "0-1"]
[WhiteElo "1859"]
[BlackElo "2129"]
[PlyCount "76"]
[EventDate "2016.03.26"]
[EventType "swiss"]
[EventRounds "5"]
[EventCountry "CAN"]

1. d4 Nf6 2. c4 g6 3. Nc3 Bg7 4. e4 d6 5. f4 c5 6. dxc5 Qa5 7. Bd2 Qxc5 8. Nf3
O-O 9. Bd3 Bg4 10. h3 Bxf3 11. Qxf3 Qb6 12. Rb1 Nc6 13. Be3 Qa5 14. a3 Nd7 15.
Bd2 Nd4 16. Qe3 Nc5 17. Nd5 Qd8 18. b4 Nxd3+ 19. Qxd3 e6 20. Nc3 Qh4+ 21. g3
Qh5 22. Kf2 f5 23. Kg2 e5 24. Rhe1 Rae8 25. Nb5 d5 26. cxd5 Nxb5 27. Qxb5 exf4
28. Bxf4 fxe4 29. Qc4 Qf3+ 30. Kg1 Rxf4 31. gxf4 Qg3+ 32. Kh1 Qxh3+ 33. Kg1 b5
34. Qc5 Rc8 35. Qe3 Qg4+ 36. Kf1 Rc3 37. Qxa7 Qh3+ 38. Kg1 Rg3+ 0-1

[Event "2016 Alberta Reserves"]
[Site "Edmonton"]
[Date "2016.03.26"]
[Round "3.3"]
[White "Usselman, Paul"]
[Black "Nechio, Douglas"]
[Result "0-1"]
[WhiteElo "1880"]
[BlackElo "1965"]
[PlyCount "112"]
[EventDate "2016.03.26"]
[EventType "swiss"]
[EventRounds "5"]
[EventCountry "CAN"]

1. Nf3 d6 2. e4 g6 3. d4 Bg7 4. h3 Nf6 5. Bd3 O-O 6. O-O e5 7. c3 Nh5 8. Re1
Qe8 9. Na3 f5 10. dxe5 dxe5 11. exf5 gxf5 12. Ng5 Nf6 13. Nb5 Qe7 14. Bc4+ Kh8
15. Qb3 a6 16. Nd4 b5 17. Nf7+ Rxf7 18. Bxf7 c5 19. Bd5 c4 20. Bxc4 bxc4 21.
Qxc4 Bd7 22. Bg5 Qd6 23. Nf3 Be6 24. Qh4 Ne4 25. Rad1 Qb6 26. Rd8+ Bg8 27. Be3
Qf6 28. Bg5 Nxg5 29. Qxg5 Qxg5 30. Nxg5 Bf6 31. Rc8 Bxg5 32. Rxe5 Nd7 33. Rxa8
Nxe5 34. Rxa6 Kg7 35. b3 f4 36. c4 Be7 37. a3 Nd3 38. b4 Bxc4 39. Ra7 Kf6 40.
Rc7 Ne5 41. Rb7 h5 42. a4 Nd3 43. b5 Bc5 44. a5 Nxf2 45. Kh2 Ne4 46. b6 Bd6 47.
Kg1 Bc5+ 48. Kh2 Bd6 49. Kg1 Nc5 50. Rh7 Kg6 51. Ra7 Ba6 52. Ra8 Be5 53. Rd8
Kf7 54. Rd5 Ke6 55. Rd1 Bc3 56. Rc1 Bxa5 0-1

[Event "2016 Alberta Reserves"]
[Site "Edmonton"]
[Date "2016.03.26"]
[Round "3.4"]
[White "Pisanski, Piotr"]
[Black "Malek, Omid"]
[Result "0-1"]
[WhiteElo "1826"]
[BlackElo "2041"]
[PlyCount "64"]
[EventDate "2016.03.26"]
[EventType "swiss"]
[EventRounds "5"]
[EventCountry "CAN"]

1. e4 e6 2. d4 d5 3. exd5 exd5 4. Nf3 Nf6 5. c4 Nc6 6. Bd3 Bg4 7. O-O Be7 8.
Be3 O-O 9. Re1 Nb4 10. Be2 dxc4 11. Ne5 Bf5 12. g4 Bc2 13. Qc1 Nd3 14. Qxc2
Nxe1 15. Qxc4 Qd5 16. Qxd5 Nxd5 17. Bd1 Nxe3 18. fxe3 Bd6 19. Nc4 b5 20. Nxd6
cxd6 21. Kf1 Nd3 22. Be2 Nb4 23. Na3 a6 24. Bf3 d5 25. Ke2 Rac8 26. Kd2 f5 27.
Rc1 Rxc1 28. Kxc1 fxg4 29. Bxg4 Rf2 30. e4 dxe4 31. d5 Kf8 32. d6 Ke8 0-1

[Event "2016 Alberta Reserves"]
[Site "Edmonton"]
[Date "2016.03.26"]
[Round "3.5"]
[White "Schocat, Eric"]
[Black "Koneru, Nimai"]
[Result "1/2-1/2"]
[WhiteElo "1894"]
[BlackElo "1805"]
[PlyCount "57"]
[EventDate "2016.03.26"]
[EventType "swiss"]
[EventRounds "5"]
[EventCountry "CAN"]

1. c4 c5 2. g3 g6 3. Bg2 Bg7 4. Nc3 Nc6 5. Rb1 e6 6. a3 a5 7. e3 Nge7 8. Nge2
O-O 9. d4 cxd4 10. exd4 d5 11. cxd5 exd5 12. O-O Bf5 13. Ra1 Qd7 14. Re1 Bg4
15. Be3 Nf5 16. Nxd5 Nfxd4 17. Bxd4 Nxd4 18. Nb6 Nxe2+ 19. Qxe2 Bxe2 20. Nxd7
Rfe8 21. Bxb7 Rad8 22. Bc6 Re6 23. Rac1 Bg4 24. Rxe6 Bxe6 25. Nc5 Bxb2 26. Nxe6
fxe6 27. Re1 Bxa3 28. Rxe6 Kf7 29. Re2 1/2-1/2

[Event "2016 Alberta Reserves"]
[Site "Edmonton"]
[Date "2016.03.27"]
[Round "4.1"]
[White "Gardner, Robert"]
[Black "Villavieja, Butch"]
[Result "0-1"]
[WhiteElo "2251"]
[BlackElo "2129"]
[PlyCount "78"]
[EventDate "2016.03.26"]
[EventType "swiss"]
[EventRounds "5"]
[EventCountry "CAN"]

1. d4 Nf6 2. c4 g6 3. Nc3 d5 4. cxd5 Nxd5 5. e4 Nxc3 6. bxc3 Bg7 7. Qa4+ Nd7 8.
Nf3 O-O 9. Be3 c5 10. Rd1 a6 11. Bd3 Qc7 12. O-O b5 13. Qa3 c4 14. Bb1 Nf6 15.
Ne5 Bb7 16. f3 Rac8 17. Qc1 Rfd8 18. Bh6 a5 19. Bxg7 Kxg7 20. a3 e6 21. Ng4 Ng8
22. e5 Qe7 23. Be4 Ba6 24. f4 b4 25. axb4 axb4 26. Rf3 Rb8 27. cxb4 Qxb4 28.
Rc3 Qb2 29. Qxb2 Rxb2 30. d5 exd5 31. Rxd5 Rdb8 32. Rd7 Bc8 33. e6 Bxd7 34.
exd7 f5 35. Rxc4 Ne7 36. Ne5 fxe4 37. Rxe4 Rd2 38. h3 Rbb2 39. Kh1 Nf5 0-1

[Event "2016 Alberta Reserves"]
[Site "Edmonton"]
[Date "2016.03.27"]
[Round "4.2"]
[White "Nechio, Douglas"]
[Black "Briones, Dante"]
[Result "1/2-1/2"]
[WhiteElo "1965"]
[BlackElo "1999"]
[PlyCount "58"]
[EventDate "2016.03.26"]
[EventType "swiss"]
[EventRounds "5"]
[EventCountry "CAN"]

1. e4 e6 2. d3 Nc6 3. Nf3 d6 4. g3 Nf6 5. Bg2 g6 6. O-O Bg7 7. Re1 O-O 8. Nc3
e5 9. a4 h6 10. h3 Be6 11. Be3 d5 12. exd5 Nxd5 13. Nxd5 Bxd5 14. Qd2 Kh7 15.
Rab1 Re8 16. b4 Qd7 17. b5 Nd4 18. Bxd4 exd4 19. Rxe8 Rxe8 20. Re1 c6 21. Rxe8
Qxe8 22. Qa5 cxb5 23. axb5 b6 24. Qb4 Qd7 25. Nd2 Bxg2 26. Kxg2 Qd5+ 27. Kg1
Qg5 28. Nb3 Qe5 29. Qc4 Kg8 1/2-1/2

[Event "2016 Alberta Reserves"]
[Site "Edmonton"]
[Date "2016.03.27"]
[Round "4.3"]
[White "Malek, Omid"]
[Black "Wang, Kaixin"]
[Result "1-0"]
[WhiteElo "2041"]
[BlackElo "1878"]
[PlyCount "39"]
[EventDate "2016.03.26"]
[EventType "swiss"]
[EventRounds "5"]
[EventCountry "CAN"]

1. d4 Nf6 2. Bg5 d5 3. e3 Bf5 4. Bxf6 gxf6 5. Bd3 Bg6 6. Bxg6 fxg6 7. h4 c6 8.
h5 Qa5+ 9. Nc3 Rg8 10. hxg6 hxg6 11. Qg4 f5 12. Qf4 Qb4 13. O-O-O Qd6 14. Qg5
Nd7 15. f4 O-O-O 16. Nf3 e6 17. Rh7 Re8 18. Ne5 Nxe5 19. fxe5 Be7 20. exd6 1-0

[Event "2016 Alberta Reserves"]
[Site "Edmonton"]
[Date "2016.03.27"]
[Round "4.4"]
[White "Young, Joseph"]
[Black "Zeggelaar, Mike"]
[Result "1/2-1/2"]
[WhiteElo "1808"]
[BlackElo "2084"]
[PlyCount "64"]
[EventDate "2016.03.26"]
[EventType "swiss"]
[EventRounds "5"]
[EventCountry "CAN"]

1. e4 c5 2. Nf3 d6 3. d4 cxd4 4. Nxd4 Nf6 5. Nc3 g6 6. f3 Bg7 7. Be3 O-O 8. Qd2
Nc6 9. Bc4 Bd7 10. O-O-O Rc8 11. Bb3 Ne5 12. Bh6 Bxh6 13. Qxh6 Rxc3 14. bxc3 b5
15. h4 Nc4 16. Bxc4 bxc4 17. h5 Qa5 18. hxg6 fxg6 19. Kd2 e5 20. Ne2 Rf7 21.
Rb1 d5 22. Rb8+ Be8 23. Rhb1 dxe4 24. R1b5 Qc7 25. R5b7 Qd6+ 26. Ke1 exf3 27.
gxf3 Rxb7 28. Rxb7 Bd7 29. Rxa7 Qd5 30. Qe3 Bc6 31. Qh6 Bd7 32. Qe3 Bc6 1/2-1/2

[Event "2016 Alberta Reserves"]
[Site "Edmonton"]
[Date "2016.03.27"]
[Round "5.1"]
[White "Villavieja, Butch"]
[Black "Malek, Omid"]
[Result "1/2-1/2"]
[WhiteElo "2129"]
[BlackElo "2041"]
[PlyCount "74"]
[EventDate "2016.03.26"]
[EventType "swiss"]
[EventRounds "5"]
[EventCountry "CAN"]

1. e4 e6 2. d4 d5 3. Nc3 dxe4 4. Nxe4 Bd7 5. Nf3 Bc6 6. Bd3 Nd7 7. Qe2 Ngf6 8.
Bg5 Be7 9. Bxf6 Bxf6 10. O-O-O Bxe4 11. Qxe4 c6 12. Kb1 Qc7 13. g4 O-O-O 14. g5
Be7 15. h4 Bd6 16. c4 c5 17. d5 exd5 18. cxd5 Kb8 19. Rc1 Qb6 20. Rhe1 a6 21.
Qa4 Qa7 22. Bf5 Nb6 23. Qd1 g6 24. Be4 Ka8 25. Nd2 Qb8 26. Nb3 Nd7 27. Na5 Nb6
28. Qd3 h6 29. Rc3 hxg5 30. hxg5 Ka7 31. Bg2 Qc7 32. Nc4 Nxc4 33. Rxc4 Rh5 34.
Qe3 Rh2 35. Qf3 Rh5 36. Qe3 Rh2 37. Qf3 Rh5 1/2-1/2

[Event "2016 Alberta Reserves"]
[Site "Edmonton"]
[Date "2016.03.27"]
[Round "5.2"]
[White "Nechio, Douglas"]
[Black "Gardner, Robert"]
[Result "1/2-1/2"]
[WhiteElo "1965"]
[BlackElo "2251"]
[PlyCount "54"]
[EventDate "2016.03.26"]
[EventType "swiss"]
[EventRounds "5"]
[EventCountry "CAN"]

1. e4 d6 2. d4 Nf6 3. Nc3 g6 4. f4 Bg7 5. Nf3 c5 6. dxc5 Qa5 7. Qd4 Nc6 8. Bb5
Qxb5 9. Qxf6 Bxf6 10. Nxb5 Kd7 11. cxd6 exd6 12. Nxd6 Kxd6 13. e5+ Nxe5 14.
fxe5+ Bxe5 15. Nxe5 Kxe5 16. Bh6 Re8 17. O-O Bf5 18. Rad1 Bxc2 19. Bg7+ f6 20.
Bxf6+ Ke6 21. Rd2 Bf5 22. Bc3 h5 23. h4 Rad8 24. Rfd1 Rxd2 25. Rxd2 Kf7 26. Kf2
Rc8 27. a3 Rc4 1/2-1/2

[Event "2016 Alberta Reserves"]
[Site "Edmonton"]
[Date "2016.03.27"]
[Round "5.3"]
[White "Briones, Dante"]
[Black "Dave, Bhavik"]
[Result "1-0"]
[WhiteElo "1999"]
[BlackElo "1859"]
[PlyCount "73"]
[EventDate "2016.03.26"]
[EventType "swiss"]
[EventRounds "5"]
[EventCountry "CAN"]

1. e4 e5 2. f4 exf4 3. Nf3 g5 4. d4 Bg7 5. Bc4 Nc6 6. c3 h6 7. O-O Nge7 8. g3
g4 9. Nh4 f3 10. Nxf3 gxf3 11. Bxf7+ Kxf7 12. Qxf3+ Kg8 13. Qf7+ Kh7 14. Rf6
Nf5 15. Qg6+ Kg8 16. Qf7+ Kh7 17. Qg6+ Kg8 18. Rxf5 d6 19. Qf7+ Kh7 20. Rh5 Qf6
21. Rxh6+ Qxh6 22. Bxh6 Kxh6 23. Qxc7 Bf8 24. Qf7 Be7 25. Nd2 Rf8 26. Qd5 Bh3
27. Nf1 Rf3 28. Nd2 Rf6 29. g4 Bxg4 30. Nf1 Raf8 31. Ng3 Bf3 32. Qb5 Rg8 33.
Rf1 Rgf8 34. Qxb7 Na5 35. Qxe7 Nc4 36. Nf5+ Kg5 37. Rxf3 1-0

[Event "2016 Lethbridge Open"]
[Site "Lethbridge"]
[Date "2016.04.02"]
[Round "1.1"]
[White "Findlay, Ian"]
[Black "Menard, Tyson"]
[Result "1-0"]
[WhiteElo "2267"]
[BlackElo "1626"]
[PlyCount "57"]
[EventDate "2016.04.02"]
[EventType "swiss"]
[EventRounds "5"]
[EventCountry "CAN"]

1. e4 c5 2. Nf3 g6 3. d4 cxd4 4. Nxd4 Nc6 5. c4 Bg7 6. Be3 Nf6 7. Nc3 d6 8. Be2
Bd7 9. O-O O-O 10. Qd2 Ng4 11. Bxg4 Bxg4 12. f4 e5 13. Ndb5 exf4 14. Bxf4 Ne5
15. Nxd6 Qb6+ 16. Be3 Qc6 17. Qd5 Be6 18. Qxc6 bxc6 19. Bc5 Rfb8 20. Na4 Nxc4
21. Nxc4 Bxc4 22. Rf2 Rb5 23. Be3 a5 24. Nb6 Re8 25. Nxc4 Rxe4 26. Rc1 Rb4 27.
Rfc2 Bxb2 28. Nxb2 Rxe3 29. Nc4 1-0

[Event "2016 Lethbridge Open"]
[Site "Lethbridge"]
[Date "2016.04.02"]
[Round "1.2"]
[White "Moreau, Stephen"]
[Black "Zeggelaar, Mike"]
[Result "0-1"]
[WhiteElo "1619"]
[BlackElo "2059"]
[PlyCount "52"]
[EventDate "2016.04.02"]
[EventType "swiss"]
[EventRounds "5"]
[EventCountry "CAN"]

1. e4 c5 2. Nf3 d6 3. d4 cxd4 4. Nxd4 Nf6 5. Nc3 g6 6. Be3 Bg7 7. Bc4 O-O 8. f3
Nc6 9. a3 Bd7 10. Qd2 Rc8 11. Ba2 Ne5 12. Bh6 Bxh6 13. Qxh6 Qb6 14. O-O-O Nc4
15. Nb3 Nxa3 16. bxa3 Rxc3 17. Rd2 Rfc8 18. Qg5 Rxb3 19. e5 Rb2 20. c4 Rxd2 21.
Qxd2 dxe5 22. g4 Be6 23. Qc3 Qd4 24. Kc2 Bxc4 25. Qxd4 exd4 26. Bb1 Be2+ 0-1

[Event "2016 Lethbridge Open"]
[Site "Lethbridge"]
[Date "2016.04.02"]
[Round "1.3"]
[White "Pradzinski, Tim"]
[Black "Davis-Imhof, Peter"]
[Result "1-0"]
[WhiteElo "1942"]
[BlackElo "1607"]
[PlyCount "57"]
[EventDate "2016.04.02"]
[EventType "swiss"]
[EventRounds "5"]
[EventCountry "CAN"]

1. e4 c5 2. Nf3 Nc6 3. d4 cxd4 4. Nxd4 e5 5. Nxc6 bxc6 6. Bc4 Nf6 7. Nc3 Bb7 8.
O-O d5 9. exd5 cxd5 10. Bb5+ Nd7 11. Nxd5 Be7 12. Nc3 a6 13. Ba4 Ra7 14. Be3
Bxg2 15. Bxa7 O-O 16. Qxd7 Bxf1 17. Rxf1 Qxd7 18. Bxd7 Rd8 19. Rd1 g6 20. Ne4
f5 21. Be6+ Kg7 22. Rxd8 Bxd8 23. Nc5 Kf6 24. Bd5 e4 25. Bb8 h5 26. b4 g5 27.
a4 a5 28. b5 h4 29. b6 1-0

[Event "2016 Lethbridge Open"]
[Site "Lethbridge"]
[Date "2016.04.02"]
[Round "1.4"]
[White "Robertson, Trevor"]
[Black "Panteluk, Steven"]
[Result "1-0"]
[WhiteElo "1567"]
[BlackElo "1868"]
[PlyCount "135"]
[EventDate "2016.04.02"]
[EventType "swiss"]
[EventRounds "5"]
[EventCountry "CAN"]

1. d4 d5 2. Nf3 Nf6 3. c4 e6 4. Nc3 Be7 5. e3 b6 6. cxd5 Nxd5 7. Bc4 O-O 8. Qb3
Bb7 9. Bd2 c6 10. Nxd5 cxd5 11. Bd3 Nd7 12. Bb4 Nf6 13. Bxe7 Qxe7 14. O-O Ne4
15. Rac1 f5 16. Rc2 Rf6 17. Rfc1 Qd8 18. Ne5 f4 19. Bxe4 dxe4 20. Rc7 Rc8 21.
Rxc8 Bxc8 22. Qc2 Bb7 23. Qc7 Qxc7 24. Rxc7 fxe3 25. fxe3 Ba6 26. Nc4 Rf8 27.
b3 Rc8 28. Rxc8+ Bxc8 29. Nd6 Ba6 30. Nxe4 Kf8 31. Ng5 Ke7 32. Nxh7 Bd3 33. Ng5
a5 34. Nf3 b5 35. Ne5 Bb1 36. a3 Kd6 37. b4 a4 38. Kf2 Kd5 39. h4 Ke4 40. g4
Bc2 41. h5 Bd1 42. Nf7 Kd5 43. h6 gxh6 44. Nxh6 Kc4 45. Ke1 Bc2 46. Kd2 Kb3 47.
d5 exd5 48. Nf5 Be4 49. Nd4+ Kxa3 50. Kc3 Ka2 51. Nxb5 a3 52. Nxa3 Kxa3 53. b5
Ka4 54. b6 Ka5 55. b7 d4+ 56. Kxd4 Bxb7 57. g5 Bc6 58. g6 Be8 59. g7 Bf7 60.
Kc5 Ka6 61. Kc6 Be8+ 62. Kd6 Bf7 63. e4 Kb7 64. Kd7 Kb6 65. e5 Kc5 66. e6 Bg8
67. e7 Kd5 68. e8=Q 1-0

[Event "2016 Lethbridge Open"]
[Site "Lethbridge"]
[Date "2016.04.02"]
[Round "1.5"]
[White "Quiring, John"]
[Black "Schech, Roland"]
[Result "1-0"]
[WhiteElo "1863"]
[BlackElo "1559"]
[PlyCount "127"]
[EventDate "2016.04.02"]
[EventType "swiss"]
[EventRounds "5"]
[EventCountry "CAN"]

1. d4 Nf6 2. c4 g6 3. Nc3 Bg7 4. e4 O-O 5. e5 Ne8 6. Be2 f6 7. Nf3 Nc6 8. O-O
e6 9. exf6 Nxf6 10. Bg5 d5 11. Ne5 Ne7 12. Re1 h6 13. Bf4 g5 14. Bg3 c6 15. f4
dxc4 16. fxg5 hxg5 17. Nf3 Nh7 18. Bxc4 Nf5 19. Bxe6+ Bxe6 20. Rxe6 Nxd4 21.
Rd6 Nxf3+ 22. gxf3 Qb6+ 23. Bf2 Qb4 24. Rg6 Rad8 25. Qe2 Rd6 26. Rxd6 Qxd6 27.
Qc4+ Rf7 28. Rd1 Qg6 29. Rd7 b5 30. Qb3 a5 31. Ne4 a4 32. Rd8+ Nf8 33. Qe3 g4
34. fxg4 Qxg4+ 35. Ng3 Rd7 36. Rxd7 Nxd7 37. b3 axb3 38. axb3 Ne5 39. Kg2 Kh7
40. Be1 Nf7 41. Bc3 Bxc3 42. Qxc3 Qg6 43. Kf2 Ng5 44. Ke2 Qe6+ 45. Qe3 Qf6 46.
Ne4 Qb2+ 47. Qd2 Qe5 48. Qxg5 Qxe4+ 49. Qe3 Qg2+ 50. Kd3 Qxh2 51. Qe4+ Kg7 52.
Qxc6 Qg3+ 53. Kc2 Qf2+ 54. Kc3 Qe3+ 55. Kb4 Qd4+ 56. Kxb5 Qe5+ 57. Ka6 Qe2+ 58.
Kb7 Qd3 59. b4 Kf8 60. b5 Qh7+ 61. Ka8 Qb1 62. b6 Qa2+ 63. Kb8 Qa6 64. Qc8+ 1-0

[Event "2016 Lethbridge Open"]
[Site "Lethbridge"]
[Date "2016.04.02"]
[Round "1.6"]
[White "Mikusek, Jerry"]
[Black "Dave, Bhavik"]
[Result "0-1"]
[WhiteElo "1514"]
[BlackElo "1859"]
[PlyCount "48"]
[EventDate "2016.04.02"]
[EventType "swiss"]
[EventRounds "5"]
[EventCountry "CAN"]

1. d4 Nf6 2. Bf4 g6 3. e3 Bg7 4. Nf3 d5 5. c4 O-O 6. Nc3 c6 7. Be2 Re8 8. O-O
Nh5 9. Be5 f6 10. Bg3 Nxg3 11. fxg3 Na6 12. a3 e6 13. c5 e5 14. dxe5 fxe5 15.
Bxa6 bxa6 16. Rf2 Qe7 17. Rd2 Qxc5 18. Nxd5 cxd5 19. Rxd5 Qxe3+ 20. Kh1 Bg4 21.
Rd3 Qb6 22. Rb3 Qe6 23. Rd3 e4 24. Rd6 exf3 0-1

[Event "2016 Lethbridge Open"]
[Site "Lethbridge"]
[Date "2016.04.02"]
[Round "1.8"]
[White "Scholz, Mike"]
[Black "Steele, Len"]
[Result "0-1"]
[WhiteElo "1453"]
[BlackElo "1774"]
[PlyCount "78"]
[EventDate "2016.04.02"]
[EventType "swiss"]
[EventRounds "5"]
[EventCountry "CAN"]

1. Nf3 d5 2. e3 Nf6 3. d4 Bf5 4. Nc3 e6 5. Bd3 Bxd3 6. Qxd3 Be7 7. Qb5+ Nbd7 8.
Qxb7 a6 9. Qc6 O-O 10. O-O Qc8 11. a3 Rb8 12. b4 Rb6 13. Qa4 Qb7 14. Rb1 c5 15.
b5 Ra8 16. Qb3 c4 17. bxa6 Qxa6 18. Qa2 Bxa3 19. Rxb6 Nxb6 20. Bb2 Bxb2 21.
Qxb2 Na4 22. Nxa4 Qxa4 23. Rb1 h6 24. Ne1 Ne4 25. f3 Nd6 26. c3 Qd7 27. Qb4 g6
28. Qb2 Kg7 29. g3 Ra4 30. Nc2 Qa7 31. Ne1 Ra3 32. Nc2 Rb3 33. Qa1 Qxa1 34.
Rxa1 Rxc3 35. Ra2 Rd3 36. Kf1 Rd2 37. h4 Nf5 38. Ke1 Rg2 39. Kf1 Nxe3+ 0-1

[Event "2016 Lethbridge Open"]
[Site "Lethbridge"]
[Date "2016.04.02"]
[Round "2.1"]
[White "Steele, Len"]
[Black "Findlay, Ian"]
[Result "0-1"]
[WhiteElo "1774"]
[BlackElo "2267"]
[PlyCount "64"]
[EventDate "2016.04.02"]
[EventType "swiss"]
[EventRounds "5"]
[EventCountry "CAN"]

1. Nf3 Nf6 2. d4 e6 3. g3 d5 4. Bg2 Be7 5. O-O O-O 6. b3 a5 7. Bb2 a4 8. a3
axb3 9. cxb3 Nbd7 10. Nbd2 c6 11. Ne1 Bd6 12. Ndf3 Qe7 13. Nc2 e5 14. dxe5 Nxe5
15. Nxe5 Bxe5 16. Bxe5 Qxe5 17. Qd4 Qxe2 18. Ne3 Qa6 19. Rfc1 Qa7 20. Qh4 Be6
21. Rd1 Rfd8 22. b4 b6 23. Qg5 h6 24. Qe5 Qb8 25. Qc3 Qc7 26. Rac1 Rac8 27. Qb2
c5 28. Nc2 Qa7 29. Ne3 d4 30. Nc2 Nd5 31. Bxd5 Bxd5 32. Ne1 Qe7 0-1